Language Quiz

Random Language Quiz
Score 0/90 Timer 20:00
0 Plays Today
English Swahili % Correct
LionsSimba
93.7%
EveningJioni
93.4%
ChickenKuku
93.3%
HousesNyumba
92.1%
BananasNdizi
92.1%
MotherMama
92.1%
FriendRafiki
92.1%
Money, cash, funds, currencyFedha
91.8%
MorningAsubuhi
91.8%
MeatNyama
91.7%
TripSafari
90.5%
ElephantTembo
88.9%
CatPaka
88.9%
FatherBaba
88.9%
SistersDada
88.9%
BrothersKaka
88.9%
Hour/watchSaa
88.9%
WeekWiki
88.3%
FishSamaki
88.3%
RainMvua
87.3%
CoffeeKahawa
87.3%
TomorrowKesho
86.7%
ColdBaridi
86.7%
CowNg'ombe
85.7%
SugarSukari
85.7%
Bird, airplaneNdege
85.5%
TableMeza
84.1%
Colour, paint, dyeRangi
83.9%
Job, work, employment, profession, taskKazi
83.9%
Road, Highway, Street, AvenueBarabara
83.6%
English Swahili % Correct
NosePua
83.3%
DogMbwa
82.5%
ClothesNguo
82.3%
SchoolShule
82.3%
SnakeNyoka
81%
DaySiku
79%
TomatoNyanya
78.3%
BottleChupa
77.8%
Country, landNchi
76.7%
LanguageLugha
74.6%
Pen, PencilKalamu
74.2%
Rubbish, garbage, refuse, dirt, filth, debrisTakataka
73.8%
Blood, menstruationDamu
73.3%
True, truthKweli
70.5%
CoconutNazi
70%
HalfNusu
70%
HealthAfya
70%
Dish, plateSahani
68.3%
Hat, capKofia
66.7%
HungerNjaa
66.7%
HairNywele
66.7%
Paper, listKaratasi
62.9%
Minute, short perod of timeDakika
61.7%
NeckShingo
61.7%
Reason, causeSababu
61.7%
MosquitoMbu
60%
Holiday, vacationLikizo
56.5%
Date, chronologyTarehe
55%
Accident, destiny, fateAjali
53.3%
NorthKaskazini
51.7%
English Swahili % Correct
SouthKusini
51.7%
FeverHoma
51.7%
RoadsNjia
50.8%
MathsHesabu
50%
Continent, mainlandBara
50%
Needle, syringeSindano
50%
Meaning, Reason, Intention, Purpose, Cause, RespectMaana
50%
CalendarKalenda
48.3%
Strength, energy, force, power, authority,Nguvu
48.3%
SkinNgozi
46.7%
DreamNdoto
45.2%
Wildlife park, grassland, savannahMbuga
39.3%
Space, place, time, opportunity, chance, respiteNafasi
38.3%
The past, long ago, epochZamani
38.3%
Reason, cause, sakeAjili
37.1%
Fare, chargeNauli
36.1%
DrumsNgoma
34.9%
Bullet, cartridge case, shellRisasi
33.9%
Education, knowledge, scienceElimu
33.9%
Custom, habit, norm, usage, practice, tradition, observanceKawaida
32.8%
Necessity, obligation, responsibilityLazima
30.6%
PrisonGereza
30.2%
GingerTangawizi
25%
SecondSekunde
23.3%
Proverb, aphorismMethali
23.3%
RudenessJeuri
16.4%
Wisdom, understanding, common senseBusara
15%
Prudence, wisdom, knowledge, diplomacyHekima
15%
Problem, distress, misery, difficult conditionTabu
15%
Clock, watch, period, seasonMajira
6.7%
Remove Ads.
Support Sporcle.
Get the best of Sporcle when you Go Orange. This ad-free experience offers more features, more stats, and more fun while also helping to support Sporcle. Thank you for becoming a member.

You're not logged in!

Compare scores with friends on all Sporcle quizzes.
OR
Log In

Show Comments

Extras

Created Jan 7, 2015ReportNominate
Tags:English, noun, Swahili

Top Quizzes Today


Score Distribution

Your Account Isn't Verified!

In order to create a playlist on Sporcle, you need to verify the email address you used during registration. Go to your Sporcle Settings to finish the process.

Report this User

Report this user for behavior that violates our Community Guidelines.

Details: